000 00848nam a2200253Ia 4500
003 OSt
005 20221005051226.0
006 a|||||r|||| 00| 0
007 ta
008 221004b |||||||| |||| 00| 0 eng d
020 _a9780857285645 (hbk)
_c5635.80
024 _a18534
037 _b1007, 27/03/2015, Bright Book Service
_cTextual
040 _aCRL
_cCRL
_beng
041 _2eng
_aeng
082 _aO111944,3:g, Q3
100 _aViswamohan Aysha Iqbal Ed.
_9595740
245 0 _aPostliberalization Indian novels in English
_b Politics of global reception and awards
260 _aLondon
_bAnthem Press UK
_c2013
300 _axxi,228p.
_ccm.
650 _aENGLISH LITERATURE
942 _hO111944,3:g, Q3
_cTEXL
_2cc
999 _c958440
_d958440